000
00338nam a22001337a 4500
999
_c
8435
_d
8435
008
200130b ||||| |||| 00| 0 eng d
020
_a
9789332585225
082
_a
005.82 STC
100
_a
STALLINGS,William
245
_a
Cryptography and network security
250
_a
17th
260
_a
NEW DELHI
_b
Pearson Education
_c
2017